01014nam a2200277 i 4500001001000000003000900010005001700019007000300036008004100039040003000080082001400110100003900124110008100163245006800244264006100312300002600373336002700399337003300426338002800459590002600487650002600513910004000539942001400579952012600593999001700719000049167DO-SdBNP20240411202004.0ta190724s1973 dr 000 0 spa d aDO-SdBNPbspacBNPHUerda 4bS814q222 aSteele, Pablo,d1911eautor9602361 aRepública Dominicana.bSecretaría de Estado de Interior y Policia95454600a¿Quienes son los dueños de América Latina? /cPablo Steele aPanamá :bInstituto Cooperativo Interemericano, c1973 a204 paginas ;c18 cm. 2rdacontentatextobtxt 2rdamediaasin mediaciónbn 2rdacarrieravolumenbnc aInventariado, 2023/DG 0aDerechos humanos9658 aDG/Validado. Control de calidad MFF 2ddccLBS1 00102ddc56708GRaBNPHUbBNPHUcCTd2023-08-03edonaciónl0oBNPHU SG S814qp2023-5168r2023-08-03w2023-08-03yLBS1 c54309d54309